00600cam a2200205 a 45000010008000000030006000080050017000140080041000310100017000720200027000890400018001160500022001340820021001561000026001772450038002032600038002413000021002795040068003006500026003684979311GBCCL20241126110435.0980306s1998 cau b 001 0 eng  a 98016372  a0830718435 (hardcover) aDLCcDLCdDLC00aBV4415b.J33 199800a248.843221bJAC1 aJacobs, Cindy,d1951-10aWomen of destiny /cCindy Jacobs. aVentura, Calif. :bRegal,cc1998. a322 p. ;c23 cm. aIncludes bibliographical references (p. [311]-312) and indexes. 0aWomen in church work.